00592nam a22001817a 450000500170000001000140001702000230003102000260005403500130008003700130009308200120010610000200011824501010013826000430023927000520028230000260033450000500036020100804140618.0 aENG-98240 a8170640954c450.00 a9788170640950c450.00 aEN-81773 bDBAD/PUB a658.314 aVerma, Mohanish aMotivation and incentives in government organizations :bmantra for success /cby Mohanish Verma aNew DelhibArya Publishing Housec2009 a1569/30 Naiwala, Karol BaghbNew Delhie110 005 axiv, 184p.c22cm (Hb) aIncludes bibliographical references and index